| 000 | 00544nam a2200181 4500 | ||
|---|---|---|---|
| 001 | 148340 | ||
| 003 | ES-MaACL | ||
| 005 | 20230906202553.0 | ||
| 007 | t| | ||
| 008 | 070214s1971 sp r ||||1| spa d | ||
| 100 | 1 |
_aSteele, David. _9107979 |
|
| 245 | 1 | 0 |
_aQuímica de los elementos metálicos / _cDavid Steele ; versión de J. M. Esteban Bermúdez. |
| 250 | _a1ª. ed. | ||
| 260 |
_aMadrid : _bAlhambra, _c1971. |
||
| 300 |
_aVIII, 228 p. ; _c20 cm. |
||
| 700 | 1 |
_aEsteban Bermúdez, J. M. _948041 |
|
| 852 |
_aES-MaACL _jC-39206 _bR.76723 |
||
| 999 |
_c148340 _d148340 |
||